Personalidad y organización : el conflicto entre el sistema y el individuo / Chris Argyris ; traductor: Francisco Juárez Moreno el conflicto entre el sistema y el individuo / Chris Argyris ; traductor:

per Argyris, Chris

Descripció física: 292 p. ; 22 cm

MARC

LEADER 00000nam a2200000Ia 4500
001 13847
008 160829s1964 xx 000 0 cat d
080 |a M-4-53 
100 |a Argyris, Chris  |9 180 
245 |a Personalidad y organización :  |b  el conflicto entre el sistema y el individuo / Chris Argyris ; traductor:  |b  Francisco Juárez Moreno 
260 |a [Madrid] :  |b Publicaciones del Centro de Formación y Perfeccionamiento de Funcionarios,  |c 1964 
300 |a 292 p. ;  |c 22 cm 
490 |a Colección estudios administrativos. Serie B ; 2 
590 |a Notes.  
590 |a Bibliografia 
650 0 |a Administració pública  |9 23819 
650 |a Funcionaris  |x Aspectes psicològics  |9 27051 
700 1 |a Juárez Moreno, Francisco  |9 27052 
710 2 |a Centro de Formación y Perfeccionamiento de Funcionarios (Alcalá de Henares, Madrid)  |9 54841 
901 |a Arxiu 
942 |n 1 
952 |0 0  |1 0  |4 0  |6 M453  |7 1  |9 44254  |a Arxiu  |b Arxiu  |d 2016-12-01  |l 0  |o M-4-53  |p 13847  |r 2016-12-01 00:00:00  |w 2016-12-01  |y ARXIU 
999 |c 46834  |d 46834